Hol feküdt az abarai meg a ráskai vár ?
Doplnky článku historika júliusa Dudása o zemplínskych umeleckých pamiatkach. Obidva hrady označil za nezvestné. Súdobo však zostali zvyšky základov Oborínskeho hradu medzi V. Raškovcami a Oborínom pri Laborci a zachovala sa aj hradná záhrada. Na mieste Raškovského hradu sú dnes stavby, zachovali sa...
| Main Author: | |
|---|---|
| Format: | Article |
| Language: | Hungarian |
| Subjects: | |
| Source: |
1. Adalékok Zemplénvármegye Történetéhez 1. Roč. 12, č. 3-4 (1906) s. 127 |
| LEADER | 01219nab#a2200313#ar4500 | ||
|---|---|---|---|
| 001 | 000076945 | ||
| 003 | SVKKK | ||
| 005 | 20060717xxxxxxx. | ||
| 008 | 06 c xo huno | ||
| FMT | |||
| 038 | |a SVKKK | ||
| 040 | |a SVKKK |b slo |e AACR2 | ||
| 041 | 0 | |a hun | |
| 044 | |a xo |c SK | ||
| 080 | |a 943.76 | ||
| 100 | 1 | |a Péter, Michal |4 aut | |
| 242 | 1 | 0 | |a Kde ležal oborínsky a Veľkoraškovský hrad ? |
| 245 | 1 | 0 | |a Hol feküdt az abarai meg a ráskai vár ? |c Michal Péter |
| 520 | 2 | |a Doplnky článku historika júliusa Dudása o zemplínskych umeleckých pamiatkach. Obidva hrady označil za nezvestné. Súdobo však zostali zvyšky základov Oborínskeho hradu medzi V. Raškovcami a Oborínom pri Laborci a zachovala sa aj hradná záhrada. Na mieste Raškovského hradu sú dnes stavby, zachovali sa ešte hradné priekopy v blízkosti Laborca. | |
| 650 | 0 | 4 | |a hrad Oborín (zvyšky základov) - Oborín - Veľké Raškovce - čriepky historické |
| 773 | 0 | |t Adalékok Zemplénvármegye Történetéhez |g Roč. 12, č. 3-4 (1906) s. 127 | |
| 957 | |a Oborín | ||
| 957 | |a Veľké Raškovce | ||
| 958 | |a DG | ||
| 958 | |a SK | ||
| 974 | |a Ba |d 20060717 | ||
| 992 | |a RBX | ||
| BAS | |||
| 998 | |a RETRO | ||